000 00416nam a2200145Ia 4500
008 220204s9999 xx 000 0 und d
082 _a631.67
_bVER
100 _aJobling, L
245 0 _aLocalized irrigation : Design, installation, operation, evaluation
260 _aRome
_bFAO
_c1984
490 _aFAO irrigation and drainage paper 36
650 _aCrop irrigation design
700 _aVermeiren
942 _cBK
999 _c41109
_d41109